[Event "Niederbayernliga 1213"]
[Site "Bayern"]
[Date "2013.??.??"]
[Round "8"]
[White "Adrovic, Mirko"]
[Black "Siemens, Andreas"]
[Result "1-0"]
[WhiteElo "1920"]
[BlackElo "1978"]
[PlyCount "83"]
[EventDate "2012.10.14"]
[EventType "team-tourn"]
[EventRounds "9"]
[EventCountry "GER"]
[SourceTitle "EXT 2023"]
[Source "ChessBase"]
[SourceDate "2022.10.05"]
[SourceVersion "1"]
[SourceVersionDate "2022.10.05"]
[SourceQuality "1"]
[WhiteTeam "Landau Dingolfing"]
[BlackTeam "Rottal II"]
[WhiteTeamCountry "GER"]
[BlackTeamCountry "GER"]

1. d4 Nf6 2. c4 c5 3. d5 b5 4. Nc3 b4 5. Na4 d6 6. Qc2 g6 7. f3 Bg7 8. e4 Nbd7 9. a3 a5 10. f4 0-0 11. Nf3 e6 12. Bd3 exd5 13. cxd5 Re8 14. 0-0 c4 15. Bxc4 Nxe4 16. Bd2 Rb8 17. Rae1 Ndc5 18. Nxc5 Nxc5 19. Rxe8+ Qxe8 20. Re1 Qd8 21. axb4 axb4 22. Be3 Bf5 23. Qf2 Ne4 24. Qe2 Qc8 25. Nd4 Bd7 26. b3 Ra8 27. Qf3 Nf6 28. h3 Ra5 29. g4 Qa8 30. Nc6 Ra1 31. Rxa1 Qxa1+ 32. Kg2 Qc3 33. Bd4 Qd2+ 34. Bf2 h5 35. g5 Ne8 36. Qe4 Qc3 37. f5 Bf8 38. Ne7+ Bxe7 39. Qxe7 Bxf5 40. Qxe8+ Kg7 41. Qe3 Qc2 42. Be2 1-0

[Event "Niederbayernliga 0708"]
[Site "Germany"]
[Date "2007.11.25"]
[Round "3.2"]
[White "Goede, Andreas"]
[Black "Adrovic, Mirko"]
[Result "0-1"]
[WhiteElo "1926"]
[BlackElo "1884"]
[PlyCount "66"]
[EventDate "2007.10.21"]
[EventType "team"]
[EventRounds "9"]
[EventCountry "GER"]
[SourceTitle "EXT 2009"]
[Source "ChessBase"]
[SourceDate "2008.11.26"]
[SourceVersion "1"]
[SourceVersionDate "2008.11.26"]
[SourceQuality "1"]
[WhiteTeam "Vilshofen"]
[BlackTeam "Landau Dingolfing"]
[WhiteTeamCountry "GER"]
[BlackTeamCountry "GER"]

1. e4 c5 2. Nc3 Nc6 3. g3 g6 4. d3 Bg7 5. Bg2 b6 6. Nge2 Bb7 7. 0-0 e6 8. f4 Nge7 9. Be3 0-0 10. Qd2 d5 11. exd5 exd5 12. Bf2 d4 13. Ne4 Qd7 14. Kh1 h6 15. Bg1 f5 16. Nf2 Nb4 17. h3 Bxg2+ 18. Kxg2 Rae8 19. Rae1 Qd5+ 20. Kh2 Qxa2 21. Nd1 Nec6 22. g4 fxg4 23. hxg4 Qb1 24. Nf2 Qxc2 25. Qxc2 Nxc2 26. Ne4 Nxe1 27. Rxe1 Nb4 28. Nc1 Kh8 29. Kg3 Re7 30. Rf1 Nxd3 31. Nxc5 Nxc1 32. Rxc1 bxc5 33. Rxc5 Rd8 0-1